Переписка Постоянного совета с предводителями дворянства по проекту устава Всероссийского дворянского общества страхования вексе...

Доступно только в Электронных читальных залах Найти на картеНа карте
RUSMARC
00003967nmc2a22002651x 450
0016cf49e79-043e-4b81-920f-097e62dbc866
00520140114155154.0
100##$a20130529l19111911k y0rusy50 ca
1010#$arus
102##$aRU
105##$ay z |||e|
1222#$ad19110909
$ad19111130
2001#$aПереписка Постоянного совета с предводителями дворянства по проекту устава Всероссийского дворянского общества страхования векселей от неплатежа "Обеспечение"
$j9 сентября - 30 ноября 1911
215##$a59 листов
$cмарки
251##$cДело
300##$aЛист 41 - конверт, марка почтовая (часть оторвана)
300##$aДокументы рукописные, машинописные и типографские
330##$aIX. Материалы Постоянного совета и экономической комиссии по вопросам о дворянском и крестьянском банках, о ссудах помещикам и другим экономическим вопросам /1906-1917/
461#0$1001b6db1e6b-efcc-4108-961b-a8f75be6354f
$12001
$aПостоянный совет объединенных дворянских обществ
$1251
$cФонд
$1852
$j434
462#0$1001376737bd-14a2-4097-a3d5-a02b2aa0e2d3
$12001
$aПостоянный совет объединенных дворянских обществ. 1906-1917 гг.
$1251
$cОпись
$1852
$j1
60102$3RU\NLR\AUTH\8810165427
$aПостоянный совет объединенных дворянских обществ
$cПетербург
60102$aВсероссийское дворянское общество страхования векселей от неплатежа "Обеспечение"
801#0$aRU
$bGA_RF
801#1$aRU
$bНПО Опыт
$c20130529
$2rusmarc
801#2$aRU
$bПБ им. Б.Н. Ельцина
$c20140114
$gRCR
$2rusmarc
852##$aГА РФ
$j263
937##$d42784659
$hПБ
035##$aRuPRLIB51004537
Формат отображения